Central Library OPAC University of Rajshahi

Pedro Martínez : (Record no. 24439)

MARC details
000 -LEADER
fixed length control field 00781cam a22002531 4500
001 - CONTROL NUMBER
control field 24439
003 - CONTROL NUMBER IDENTIFIER
rucl marc code BD-RjUL
005 - DATE AND TIME OF LATEST TRANSACTION
control field 20211209001042.0
008 - FIXED-LENGTH DATA ELEMENTS--GENERAL INFORMATION
fixed length control field 140313s1964 nyua 000 0 eng
035 ## - SYSTEM CONTROL NUMBER
System control number (BD-RjUL)24505
040 ## - CATALOGING SOURCE
Original cataloging agency DLC
Transcribing agency DLC
Modifying agency DLC
Language of cataloging eng
041 ## - LANGUAGE CODE
Language code of text/sound track or separate title eng
082 00 - DEWEY DECIMAL CLASSIFICATION NUMBER
Classification number 309.172
Author mark and year LEP 1964
100 1# - MAIN ENTRY--PERSONAL NAME
Personal name Lewis, Oscar,
Dates associated with a name 1914-1970.
9 (RLIN) 75233
245 10 - TITLE STATEMENT
Title Pedro Martínez :
Statement of responsibility, etc. Drawings by Alberto Beltrán.
Remainder of title a Mexican peasant and his family /
260 ## - PUBLICATION, DISTRIBUTION, ETC. (IMPRINT)
Place of publication, distribution, etc. New York :
Name of publisher, distributor, etc. Random House,
Date of publication, distribution, etc. 1964
300 ## - PHYSICAL DESCRIPTION
Pagination lvii, 507 p. :
Illustrations illus. ;
Size 25 cm.
650 #0 - SUBJECT ADDED ENTRY--TOPICAL TERM
Topical term or geographic name as entry element Families
Geographic subdivision Mexico
Form subdivision Case studies.
9 (RLIN) 75234
Topical term or geographic name as entry element Peasants
Geographic subdivision Mexico
Form subdivision Case studies.
9 (RLIN) 75235
651 #0 - SUBJECT ADDED ENTRY--GEOGRAPHIC NAME
Geographic name Mexico
General subdivision Social conditions.
9 (RLIN) 75236
942 ## - ADDED ENTRY ELEMENTS (KOHA)
Source of classification or shelving scheme Dewey Decimal Classification
Koha item type Books
Holdings
Lost status Source of classification or shelving scheme Damaged status Not for loan Collection code Permanent Location Current Location Shelving location Date acquired Source of acquisition Cost, normal purchase price Total Checkouts Full call number Date last seen Copy number Koha item type
  Dewey Decimal Classification   Added to bundle Non-fiction Central Library, University of Rajshahi Central Library, University of Rajshahi Reading Room 19/06/1983 n/a 0.00   309.172 LEP 1964 13/03/2014 C-1 Books